Efficiency in environmental regulation : a benefit-cost analysis of alternative approaches

Αποθηκεύτηκε σε:
Λεπτομέρειες βιβλιογραφικής εγγραφής
Κύριος συγγραφέας: Luken, Ralph Andrew
Μορφή: Βιβλίο
Γλώσσα:English
Δημοσίευση: Boston : Kluwer Academic, c1990
Σειρά:Studies in risk and uncertainty
Θέματα:
Ετικέτες: Προσθήκη ετικέτας
Δεν υπάρχουν, Καταχωρήστε ετικέτα πρώτοι!

MARC

LEADER 00000nam a2200000 i 4500
001 1/65259
008 931008s eng d
020 |a 0-7923-9117-9 
035 |a ΛΕΣΒΟΣb10001525  |l 10001525 
040 |a GR-MY-UA  |b gre  |e aacr 
041 0 |a eng 
082 0 |a 363.731 
100 1 |a Luken, Ralph Andrew. 
245 1 0 |a Efficiency in environmental regulation :  |b a benefit-cost analysis of alternative approaches /  |c Ralph A. Luken 
260 |a Boston :   |b Kluwer Academic,   |c c1990 
300 |a 364 p. 
490 1 |a Studies in risk and uncertainty 
500 |a Includes bibliographical references 
650 0 0 |a Paper industry  |x Environmental aspects  |x Government policy  |z United States. 
650 0 0 |a Wood-pulp industry  |x Environmental aspects  |x Government policy  |z United States. 
650 0 0 |a Environmental law  |z United States. 
830 0 |a Studies in risk and uncertainty 
852 |a INST  |b LESVOS  |e 19931008  |h 363.731 LUK  |p 005100004183  |q 005100004183  |t BK  |y 0 
909 |a Λ  |b 019890